ANDROID APPLICATION DEVELOPMENT ALL IN ONE (Record no. 1218580)

MARC details
000 -LEADER
fixed length control field 00484nam a2200181Ia 4500
008 - FIXED-LENGTH DATA ELEMENTS--GENERAL INFORMATION
fixed length control field 260330s2025 xx 000 0 und d
020 ## - INTERNATIONAL STANDARD BOOK NUMBER
International Standard Book Number 978-93-5424-578-7
041 ## - LANGUAGE CODE
Language code of text/sound track or separate title eng
082 ## - DEWEY DECIMAL CLASSIFICATION NUMBER
Classification number 5.276
Item number BMJ
100 ## - MAIN ENTRY--PERSONAL NAME
Personal name BURD,BARRY/MUELLER,J.P.
245 ## - TITLE STATEMENT
Title ANDROID APPLICATION DEVELOPMENT ALL IN ONE
250 ## - EDITION STATEMENT
Edition statement 3RD
260 ## - PUBLICATION, DISTRIBUTION, ETC.
Name of publisher, distributor, etc. WILEY INDIA NEW DELHI
Date of publication, distribution, etc. 2025
300 ## - PHYSICAL DESCRIPTION
Extent XV/782Pg
Other physical details PB
365 ## - TRADE PRICE
Currency code Rs.
650 ## - SUBJECT ADDED ENTRY--TOPICAL TERM
Topical term or geographic name entry element Mobile App Development
700 ## - ADDED ENTRY--PERSONAL NAME
Personal name BURD,BARRY/MUELLER,J.P.
Holdings
Withdrawn status Lost status Damaged status Not for loan Home library Current library Date acquired Cost, normal purchase price Total Checkouts Full call number Barcode Date last seen Cost, replacement price Price effective from Koha item type
        Abhijit Kadam Institute of Management & Social Science, Solapur Abhijit Kadam Institute of Management & Social Science, Solapur 20/03/2026 854.10   5.276/BMJ AKS-C-05060 30/03/2026 854.10 30/03/2026 Book